000 00985nam a2200121Ia 4500
008 220620s9999||||xx |||||||||||||| ||und||
245 0 _aMigrants with Irregular Status in Europe
_bEvolving Conceptual and Policy Challenges
546 _aEnglish[eng]
650 _aMigration||Political Science||Population Economics||International Relations||Sociology of Migration||Open access||irregular migration in Europe||migration and integration||social equality||refugees||European human rights||immigration law enforcement||social movement of vulnerable groups||non-removable migrants||irregular work||European Union||Labour market||Migration policy||Mobilisation||Asylum seekers||Migration, immigration & emigration||Political science & theory||Political economy||Population & demography||International relations
700 _aSpencer, Sarah||Triandafyllidou, Anna
856 _uhttps://library.oapen.org/bitstream/20.500.12657/39538/1/2020_Book_MigrantsWithIrregularStatusInE.pdf
942 _cEB
999 _c24730
_d24730